000
00331nam a2200121 a 4500
005
20141022142007.0
008
100913s19uu xx 00 eng d
050
_a
CD-ROM
_b
E7 2001
245
_a
Exploring the functions of the human body.
650
_a
CD-ROM
650
_a
Exploring the functions of the human body
942
_c
AVM
999
_c
276560
_d
276560